000 00523nam a2200121Ia 4500
008 220620s9999||||xx |||||||||||||| ||und||
100 _aHilpert, Martin
245 0 _aTen Lectures on Diachronic Construction Grammar
546 _aEnglish[eng]
650 _aLanguages and Linguistics||Historical and Comparative Linguistics & Linguistic Typology||Morphology & Syntax||Psycholinguistics & Language and Cognition||Semantics
856 _uhttps://library.oapen.org/bitstream/20.500.12657/50782/1/9789004446793.pdf
942 _cEB
999 _c35068
_d35068